{"text_format":"3","workbook":"xlsx","n_sheets":2,"sheets":["劳务","Sheet1"],"read":"whole","date_system":"1900"}

{"sheet":"劳务","index":0,"n_rows":23,"n_cols":7,"rows_kept":23,"merged":[[0,0,0,6],[1,0,1,6],[2,0,3,0],[2,1,3,1],[2,2,3,2],[2,3,3,3],[2,4,3,4],[2,5,2,6],[22,0,22,6],[23,0,23,6],[54,0,54,6],[59,2,59,5]]}
["控制价清单表"]
["黄家镇龙威村村级活动阵地改造提升项目-劳务分包单位采购控制价清单"]
["序号","工程或费用名称","工作内容","单位","工程数量","控制价（含税3%）"]
[{"$nulls":5},"人工费单价(元）","人工费合价(元)"]
[1,"土石方工程","[项目特征]\n1.土石类别:不区分土石成分，综合考虑\n2.挖填方式:综合考虑\n3.土石运距:场区内综合考虑，场区外另按相关清单项计算\n4.挖填深度:达到设计要求\n[工程内容]\n1.排地表水\n2.土石方挖填\n3.挡土板支拆\n4.场内运输\n5.整平、夯实、修整底、边；\n6.围护、支撑、安全防护、警卫\n7.基底钎探","m3",746.44,{"v":22,"d":"22.00"},{"$f":"ROUND(E5*F5,2)","v":16421.68}]
[2,"砌筑工程","[项目特征]\n1.砖品种、规格、强度等级:多孔砖、实心砖、耐火砖、空心砖（标准砖等综合）\n2.墙体类型:综合考虑\n3.墙体厚度:综合\n4.勾缝要求:按设计\n5.砂浆强度等级、配合比:综合考虑\n6.砌体加筋:综合考虑\n7.商品预拌砂浆和砌体砖材料采用甲供，其余材料及工具均由分包人提供\n[工程内容]\n1.砂浆运输\n2.砌砖\n3.勾缝\n4.砖压顶砌筑\n5.砌体加筋\n6.材料运输","m3",116.39,{"v":288.4,"d":"288.40"},33566.88]
[3,"混凝土分项工程","单价为建筑面积单价。包括但不限于含浇筑、振捣、养护等，单价含除主材砼以外完成浇筑所需的所有内容（如人工、辅材、小型机具等）","m2",{"v":383.2,"d":"383.20"},{"v":65,"d":"65.00"},{"v":24908,"d":"24908.00"}]
[4,"主体钢筋及措施钢筋工程","单价为建筑面积单价。包括但不限于主体、基础附属设施构筑物等钢筋的制作与安装等。单价含除主材以外的所有内容（如人工、辅材、小型机具等）","m2",{"v":382.2,"d":"382.20"},{"v":28,"d":"28.00"},{"v":10701.6,"d":"10701.60"}]
[5,"模板分项工程","单价为建筑面积单价。包括但不限于模板制作、安拆、分类整理等，单价含除模板以外的所以材料，如木方，拉杆，蝴蝶扣等辅材和各类小型机具","m2",{"v":1574,"d":"1574.00"},{"v":80,"d":"80.00"},{"v":125920,"d":"125920.00"}]
[6,"抹灰工程","单价为建筑面积单价。包括但不限于内外墙砌筑抹灰工程等。单价含除主材以外的所有内容（如人工、辅材、小型机具等）","m2",{"v":383.2,"d":"383.20"},{"v":40,"d":"40.00"},{"v":15328,"d":"15328.00"}]
[7,"涂料工程","单价为展开面积单价。包括但不限于墙面涂料工程等。单价含除主材以外的所有内容（如人工、辅材、小型机具等）","m2",{"v":910,"d":"910.00"},{"v":25,"d":"25.00"},{"v":22750,"d":"22750.00"}]
[8,"门窗工程","单价为展开面积单价。包括但不限于门窗安装工程的所有内容（如人工、辅材、小型机具等）","m2",162.81,{"v":154.5,"d":"154.50"},25154.15]
[9,"防水工程","单价为建筑面积单价。包括但不限于防水、保温、保护层浇筑、分隔缝等。单价含除主材、防水、保温以外的所有内容（如人工、辅材、小型机具等）","m2",{"v":382.2,"d":"382.20"},{"v":42,"d":"42.00"},{"v":16052.4,"d":"16052.40"}]
[10,"琉璃瓦屋面工程","单价为展开面积单价。包括但不限于琉璃瓦、持钉层、安装等。单价含除主材以外的所有内容（如人工、辅材、小型机具等）","m2",290.01,46.87,13592.77]
[11,"脚手架分项工程","单价为实际面积单价。包括但不限于材料搬运 、拆除脚手架后材料的堆放、搭、拆脚手架、斜道、上料平台、安全网的铺设、选择附墙点与主体连接。 测试电动装置、安全锁等。单价含主材架管、扣件等所有内容（如人工、辅材、小型机具等）","m2",{"v":383.2,"d":"383.20"},{"v":35,"d":"35.00"},{"v":13412,"d":"13412.00"}]
[12,"铺装工程","单价为建筑面积单价。包括但不限于楼地面装饰工程等。单价含除主材以外的所有内容（如人工、辅材、小型机具等）","m2",{"v":383.2,"d":"383.20"},{"v":45,"d":"45.00"},{"v":17244,"d":"17244.00"}]
[13,"总平景观工程","单价为道路面积单价。包括但不限于夯实，垫层、面层、路缘石、标线及旗台所需的除主材以外的所有内容（如人工、辅材、机具等）","m2",1256.72,{"v":33,"d":"33.00"},41471.76]
[14,"室外安装工程","单价为分项单价。包括但不限于给排水、弱电工程所需的除主材以外的所有内容（如人工、辅材、机具等）","项",{"v":1,"d":"1.00"},28275.52,28275.52]
[15,"安全文明施工费","单价为建筑面积单价。包括但不限于劳务作业期间的所有安全文明施工措施及设施（如临边防护，安全工具，环保冲洗等，除临建外的所有安全文明措施及设施）","m2",{"v":382.2,"d":"382.20"},58.13,22217.29]
[16,"其它零星工程","单价为建筑面积单价。包括但不限于零星抹灰砌筑工程、配合迎检进行场地布置等除其他项包含的内容外剩余的所有用工均包含在本项当中（如人工、辅材、小型机具等）","项",{"v":1,"d":"1.00"},110470.21,110470.21]
[17,"安装工程","单价为建筑面积单价。包括但不限于消防安装、强电安装、给排水安装、设备安装等除其他项包含的内容外剩余的所有用工均包含在本项当中（如人工、辅材、小型机具等）","m2",{"v":382.2,"d":"382.20"},77.25,29524.95]
[null,"合计",{"$nulls":4},{"$f":"SUM(G5:G21)","v":567011.21}]
["注：\n1、本表是根据初步设计及概算为依据作初步分析；最终成本数据应根据审核后的施工图与财评清单对工作内容及工程量作相应调整。\n2、此表中单价是基于现有的初设图纸及清单内容根据现目前市场价编制。最终供应商投标报价为准（单项报价不超过控制单价）。"]

{"sheet":"Sheet1","index":1,"n_rows":8,"n_cols":25,"rows_kept":8,"hidden":true}
["1 分部分项及单价措施项目",900565.1,920768.62,97127.77,135542.34,18885.7,120008.71,86520.28,414085.79,23307.99,86129.15,24846.63,10202.36,47316.15,60186.46,412962.06,128957.4,39997.18,247568.3,43540.17,494563.99,300000,184086.15,133927.43,{"$f":"SUM(B1:X1)","v":4931095.73}]
["2 总价措施项目",38157.64,35784.42,2113.15,2307.02,1549.07,7959.56,7725.14,9748.03,1357.01,3975.24,1394.21,555.61,3184.64,2900.09,16481.62,6315.95,2178.76,14351.97,2014.04,12298.81,null,644.86,1299.47,{"$f":"SUM(B2:X2)","v":174296.31}]
["2.1 其中：安全文明施工费",36025.52,33784.9,1995.08,2178.11,1462.51,7514.8,7293.48,9203.34,1281.19,3753.13,1316.3,524.56,3006.69,2738.05,15560.68,5963.04,2057.01,13550.02,1901.5,11611.59,null,608.83,1226.86,164557.19]
["4 规费",17095.66,13660.34,804.64,983.25,677.26,3382.16,3306.15,3079.63,569.9,1671.65,611.48,231.32,1350.34,1261.9,7015.59,2674.56,929.06,6309.27,854.19,5308.21,null,283.85,571.14,72631.55]
["6 税前不含税工程造价",955818.4,970213.38,100045.56,138832.61,21112.03,131350.43,97551.57,426913.45,25234.9,91776.04,26852.32,10989.29,51851.13,64348.45,436459.27,137947.91,43105,268229.54,46408.4,512171.01,300000,185014.86,135798.04,5178023.59]
["7 销项增值税额",86023.66,87319.2,9004.1,12494.93,1900.08,11821.54,8779.64,38422.21,2271.14,8259.84,2416.71,989.04,4666.6,5791.36,39281.33,12415.31,3879.45,24140.66,4176.76,46095.39,27000,16651.34,12221.82,466022.11]
["8 附加税",2991.71,3036.77,313.14,434.55,66.08,411.13,305.34,1336.24,78.99,287.26,84.05,34.4,162.29,201.41,1366.12,431.78,134.92,839.56,145.26,1603.1,939,579.1,425.05,16207.25]
["招标控制价/投标报价总价合计=税前不含税工程造价+销项增值税额+附加税",1044833.77,1060569.35,109362.8,151762.09,23078.19,143583.1,106636.55,466671.9,27585.03,100323.14,29353.08,12012.73,56680.02,70341.22,477106.72,150795,47119.37,293209.76,50730.42,559869.5,327939,202245.3,148444.91,5660252.95]